El nuevo mundo en la visión de Montaigne, o, los albores del anticolonialismo /
Guardado en:
| Autor principal: | |
|---|---|
| Formato: | Desconocido |
| Lenguaje: | Spanish |
| Publicado: |
Caracas, Venezuela:
Universidad Simón Bolívar, Instituto de Altos Estudios de América Latina,
1993
|
| Materias: | |
| Etiquetas: |
Agregar Etiqueta
Sin Etiquetas, Sea el primero en etiquetar este registro!
|
MARC
| LEADER | 000000000a22000000004500 | ||
|---|---|---|---|
| 001 | 001058 | ||
| 008 | 170622s1993 ve ||||| |||| 00| 0 spa d | ||
| 020 | |a 9802370843 | ||
| 040 | |a CIICLA - UCR | ||
| 041 | 0 | |a español | |
| 082 | |a 909.9 |b S681n | ||
| 100 | 1 | |a Soehlke Heer, Peter | |
| 245 | 1 | 3 | |a El nuevo mundo en la visión de Montaigne, o, los albores del anticolonialismo / |c Peter Soehlke Heer |
| 260 | |a Caracas, Venezuela: |b Universidad Simón Bolívar, Instituto de Altos Estudios de América Latina, |c 1993 | ||
| 300 | |a 212 páginas: |b 6 hojas de láminas a color | ||
| 500 | |a Número de inscripción 12243 (George Yúdice) | ||
| 650 | 4 | |a MONTAIGNE, MICHEL DE, 1533-1592 | |
| 650 | 4 | |a INDIOS | |
| 650 | 4 | |a OPINION PUBLICA | |
| 942 | |2 ddc |c BK | ||
| 999 | |c 2176 |d 2176 | ||



